[Event "RA December op"]
[Site "Ottawa CAN"]
[Date "2021.12.12"]
[Round "4"]
[White "Labib, Daniel"]
[Black "Plotkin, Victor"]
[Result "0-1"]
[WhiteElo "1982"]
[BlackElo "2434"]
[PlyCount "52"]
[EventDate "2021.12.10"]
[EventType "swiss"]
[EventRounds "5"]
[EventCountry "CAN"]

1. d4 Nf6 2. c4 e6 3. Nc3 d5 4. cxd5 exd5 5. Bg5 Be7 6. e3 c6 7. Bd3 Nbd7 8.
Qc2 h6 9. Bh4 Nh5 10. Bxe7 Qxe7 11. Nge2 Nf8 12. O-O-O Bd7 13. h3 Nf6 14. Kb1
O-O-O 15. Rc1 Ne6 16. g4 Kb8 17. Ng3 g6 18. Na4 Rc8 19. Nc5 Nxc5 20. Qxc5 Qxc5
21. Rxc5 Be6 22. b4 Ne8 23. Rhc1 Nd6 24. Ne2 g5 25. b5 cxb5 26. Bxb5 Rxc5 0-1

[Event "RA December op"]
[Site "Ottawa CAN"]
[Date "2021.12.12"]
[Round "4"]
[White "Rodrigue-Lemieux, Shawn"]
[Black "Sambuev, Bator"]
[Result "1-0"]
[WhiteElo "2418"]
[BlackElo "2564"]
[PlyCount "127"]
[EventDate "2021.12.10"]
[EventType "swiss"]
[EventRounds "5"]
[EventCountry "CAN"]

1. Nf3 d5 2. d4 c6 3. c4 e6 4. cxd5 exd5 5. Nc3 Bf5 6. Bg5 Be7 7. Bxe7 Qxe7 8.
e3 Nf6 9. Bd3 Bxd3 10. Qxd3 O-O 11. O-O a5 12. a3 Nbd7 13. Nd2 Rfe8 14. Rac1
Nb6 15. Qc2 Nc8 16. Na4 Nd7 17. Rfe1 Nd6 18. Nc5 Nxc5 19. Qxc5 Qd7 20. Qc2 a4
21. Nf3 f6 22. Nd2 Qf5 23. Qxf5 Nxf5 24. Kf1 Ra6 25. Nb1 Nd6 26. Nc3 Nc4 27.
Rc2 f5 28. g3 Kf7 29. Na2 Rb6 30. Nb4 Ke7 31. Ke2 Kd6 32. Kd3 Rb5 33. Ree2 b6
34. f3 Na5 35. e4 fxe4+ 36. fxe4 dxe4+ 37. Rxe4 Rxe4 38. Kxe4 Rg5 39. Nd3 Rg6
40. Ne5 Re6 41. Kd3 Rf6 42. Ng4 Rf5 43. Ne3 Rb5 44. Rf2 Rb3+ 45. Ke4 b5 46. g4
Ke6 47. Rc2 Nb7 48. d5+ cxd5+ 49. Nxd5 Nd6+ 50. Kd4 Nc4 51. Nc7+ Kf6 52. Nxb5
Nxb2 53. Nc3 Kg5 54. Re2 Kxg4 55. Rg2+ Kh3 56. Rg3+ Kh4 57. Nxa4 Rxg3 58. hxg3+
Kxg3 59. Nxb2 h5 60. Ke3 h4 61. Nd3 h3 62. a4 h2 63. Nf2 g5 64. a5 1-0

[Event "RA December op"]
[Site "Ottawa CAN"]
[Date "2021.12.12"]
[Round "4"]
[White "Van Rooy, Jake"]
[Black "Fiedorowicz, Owen"]
[Result "0-1"]
[WhiteElo "2069"]
[BlackElo "1812"]
[PlyCount "52"]
[EventDate "2021.12.10"]
[EventType "swiss"]
[EventRounds "5"]
[EventCountry "CAN"]

1. g3 e5 2. c4 Nf6 3. Bg2 Nc6 4. Nc3 Bc5 5. e3 d6 6. Nge2 Bg4 7. d3 O-O 8. Qd2
Re8 9. a3 a5 10. b3 Ba7 11. Bb2 Ne7 12. d4 exd4 13. Nxd4 d5 14. Ndb5 d4 15.
exd4 Nf5+ 16. Kf1 Nxd4 17. Nxd4 Bxd4 18. Re1 Rxe1+ 19. Qxe1 Bxc3 20. Bxc3 Qd3+
21. Kg1 Re8 22. Qc1 Ne4 23. Be1 Ng5 24. Bxb7 Bf3 25. Bxf3 Nxf3+ 26. Kg2 Qe4 0-1

[Event "RA December op"]
[Site "Ottawa CAN"]
[Date "2021.12.12"]
[Round "4"]
[White "Villeneuve, Robert"]
[Black "Batorshyn, Ilia"]
[Result "0-1"]
[WhiteElo "2076"]
[BlackElo "1840"]
[PlyCount "84"]
[EventDate "2021.12.10"]
[EventType "swiss"]
[EventRounds "5"]
[EventCountry "CAN"]

1. e4 c5 2. Nc3 e6 3. Nge2 d5 4. exd5 exd5 5. d4 Nf6 6. g3 Nc6 7. Bg2 cxd4 8.
Nxd4 Bg4 9. f3 Bh5 10. Qe2+ Be7 11. Nf5 O-O 12. Nxe7+ Nxe7 13. Bg5 Qb6 14. Bxf6
Qxf6 15. O-O Qb6+ 16. Kh1 Qxb2 17. Qxe7 Qxc3 18. Qxb7 d4 19. Rac1 a5 20. f4
Rab8 21. Qd5 Be2 22. Rfe1 Bc4 23. Qe5 Bxa2 24. Re4 Rbd8 25. Rce1 Bd5 26. R4e2
Bxg2+ 27. Kxg2 a4 28. Qe7 h6 29. f5 Rfe8 30. Qb7 Rxe2+ 31. Rxe2 a3 32. Qa6 Qb2
33. Qa4 Qb7+ 34. Kh3 Qa8 35. Qxa8 Rxa8 36. Re1 a2 37. Ra1 Kf8 38. Kg4 Ke7 39.
Kf4 Kd6 40. Ke4 Kc5 41. Kd3 Ra3+ 42. Kd2 Kc4 0-1

[Event "RA December op"]
[Site "Ottawa CAN"]
[Date "2021.12.12"]
[Round "5"]
[White "Batorshyn, Ilia"]
[Black "Rodrigue-Lemieux, Shawn"]
[Result "0-1"]
[WhiteElo "1840"]
[BlackElo "2418"]
[PlyCount "118"]
[EventDate "2021.12.10"]
[EventType "swiss"]
[EventRounds "5"]
[EventCountry "CAN"]

1. d4 Nf6 2. g3 d5 3. Bg2 e6 4. c4 Be7 5. Nf3 O-O 6. O-O dxc4 7. Qc2 a6 8. a4
Bd7 9. Qxc4 Bc6 10. Qc2 b5 11. axb5 axb5 12. Rxa8 Bxa8 13. Nbd2 Nc6 14. b3 Nxd4
15. Nxd4 Qxd4 16. Bxa8 Rxa8 17. Qxc7 Qd7 18. Qxd7 Nxd7 19. Ne4 f5 20. Ng5 Bxg5
21. Bxg5 Nc5 22. b4 Ne4 23. Bf4 Nc3 24. e3 Nd5 25. Bd6 Ra6 26. Bc5 Kf7 27. Re1
Ra4 28. e4 Nxb4 29. Rb1 Nd3 30. Rxb5 Rxe4 31. Rb7+ Kf6 32. Be7+ Kg6 33. Bf8
Re1+ 34. Kg2 Re2 35. Rxg7+ Kf6 36. Kf3 Ra2 37. Rxh7 Nxf2 38. Bc5 Nd3 39. Bd6 e5
40. Ke3 Nc1 41. g4 fxg4 42. Ke4 Ra4+ 43. Ke3 Ra2 44. Ke4 Re2+ 45. Kd5 Rd2+ 46.
Kc6 Nd3 47. Rh4 Kf5 48. Rh8 Ke4 49. Rh4 Kf3 50. Kd5 e4 51. Rh7 Nf4+ 52. Kc6 e3
53. Bb4 Rd4 54. Be1 e2 55. Rf7 Rd1 56. Bg3 e1=Q 57. Rxf4+ Ke3 58. Bxe1 Kxf4 59.
Bg3+ Kf3 0-1

[Event "RA December op"]
[Site "Ottawa CAN"]
[Date "2021.12.12"]
[Round "5"]
[White "Han, Johnathan"]
[Black "Donev, Danail"]
[Result "1-0"]
[WhiteElo "2275"]
[BlackElo "1947"]
[PlyCount "61"]
[EventDate "2021.12.10"]
[EventType "swiss"]
[EventRounds "5"]
[EventCountry "CAN"]

1. e4 c5 2. Nf3 d6 3. d4 cxd4 4. Nxd4 Nf6 5. Nc3 a6 6. Bg5 e6 7. f4 Qc7 8. Qe2
Nc6 9. O-O-O Nxd4 10. Rxd4 Be7 11. f5 b5 12. g4 O-O 13. h4 Bb7 14. Bg2 Rac8 15.
a3 d5 16. exd5 Bxa3 17. Rd3 Qa5 18. Nb1 Bb4 19. Bxf6 gxf6 20. dxe6 Bxg2 21.
exf7+ Rxf7 22. Qxg2 Qc7 23. c3 Ba5 24. Qg3 Qc6 25. Rhd1 b4 26. g5 bxc3 27. bxc3
Bc7 28. Qg4 Be5 29. gxf6+ Kh8 30. Rd8+ Rf8 31. Qg7# 1-0

[Event "RA December op"]
[Site "Ottawa CAN"]
[Date "2021.12.12"]
[Round "5"]
[White "Sambuev, Bator"]
[Black "Li, William"]
[Result "1-0"]
[WhiteElo "2564"]
[BlackElo "2276"]
[PlyCount "59"]
[EventDate "2021.12.10"]
[EventType "swiss"]
[EventRounds "5"]
[EventCountry "CAN"]

1. d4 Nf6 2. Nf3 b6 3. e3 Bb7 4. Bd3 e6 5. O-O c5 6. c4 Be7 7. Nc3 cxd4 8. exd4
d5 9. cxd5 Nxd5 10. Ne5 O-O 11. Qg4 f5 12. Qe2 Bf6 13. Bc4 Re8 14. Rd1 a6 15.
Nxd5 Bxd5 16. Bf4 b5 17. Bxd5 Qxd5 18. Rac1 Nd7 19. Rc7 Rad8 20. Nc6 g5 21.
Nxd8 gxf4 22. Nb7 Kh8 23. Qf3 Qxf3 24. gxf3 Nb6 25. Rc6 Nd5 26. Nc5 Nb4 27.
Rxe6 Rg8+ 28. Kf1 Bg7 29. d5 Rd8 30. d6 1-0

[Event "RA December op U1900"]
[Site "Ottawa CAN"]
[Date "2021.12.11"]
[Round "2"]
[White "Landstrom, William"]
[Black "Laurin, Marcel"]
[Result "1-0"]
[WhiteElo "1786"]
[BlackElo "1677"]
[PlyCount "63"]
[EventDate "2021.12.10"]
[EventType "swiss"]
[EventRounds "5"]
[EventCountry "CAN"]

1. e4 b6 2. Bc4 Bb7 3. d3 e6 4. Nf3 d6 5. O-O h6 6. Nc3 Ne7 7. Bd2 Nd7 8. Ne1
c6 9. f4 b5 10. Bb3 a5 11. a3 a4 12. Ba2 d5 13. Qe2 Qb6+ 14. Kh1 d4 15. Nd1 c5
16. Nf3 Nc6 17. c3 Be7 18. cxd4 cxd4 19. e5 Rc8 20. Rc1 Nc5 21. Nf2 Ba6 22. Ne4
O-O 23. g4 Nxe4 24. Qxe4 Bb7 25. Qe2 Rc7 26. Kg1 Rfc8 27. g5 h5 28. g6 fxg6 29.
Bxe6+ Kh7 30. f5 Nd8 31. fxg6+ Kh8 32. Ng5 1-0

[Event "RA December op U1900"]
[Site "Ottawa CAN"]
[Date "2021.12.11"]
[Round "3"]
[White "Laurin, Marcel"]
[Black "Samuel, Victor"]
[Result "1-0"]
[WhiteElo "1677"]
[BlackElo "1606"]
[PlyCount "63"]
[EventDate "2021.12.10"]
[EventType "swiss"]
[EventRounds "5"]
[EventCountry "CAN"]

1. d4 e6 2. Nf3 b6 3. c4 Bb7 4. Nc3 f5 5. Bf4 Nf6 6. e3 Be7 7. Bd3 O-O 8. O-O
Ne4 9. Bxe4 fxe4 10. Nd2 d5 11. Rc1 Bd6 12. Bxd6 cxd6 13. cxd5 exd5 14. Nb5 Rf7
15. f4 Nc6 16. a3 a6 17. Nc3 Ne7 18. Rf2 Rc8 19. Nf1 Nf5 20. Rfc2 Rfc7 21. Ne2
Rxc2 22. Rxc2 Rxc2 23. Qxc2 Qc8 24. Qb3 b5 25. Nc3 Qc4 26. Qc2 b4 27. axb4 Qxb4
28. Nxd5 Bxd5 29. Qc8+ Kf7 30. Qxf5+ Ke7 31. Qxd5 Qxb2 32. Qxe4+ 1-0

[Event "RA December op U1900"]
[Site "Ottawa CAN"]
[Date "2021.12.12"]
[Round "4"]
[White "Laurin, Marcel"]
[Black "Sharifi, Sam"]
[Result "0-1"]
[WhiteElo "1677"]
[BlackElo "1614"]
[PlyCount "98"]
[EventDate "2021.12.10"]
[EventType "swiss"]
[EventRounds "5"]
[EventCountry "CAN"]

1. d4 d5 2. c4 e6 3. cxd5 exd5 4. Nc3 Nf6 5. a3 Nc6 6. Bf4 a6 7. e3 Bd6 8. Bg5
Be7 9. h3 O-O 10. Bd3 h6 11. h4 Re8 12. Rc1 Bg4 13. Qc2 hxg5 14. hxg5 Ne4 15.
Bxe4 dxe4 16. Qxe4 Bxg5 17. Qxg4 Nxd4 18. Nge2 Nxe2 19. Nxe2 Qf6 20. Rh3 Rad8
21. Nc3 Qd6 22. Rd1 Qf6 23. Rxd8 Rxd8 24. Qh5 Bh6 25. Rf3 Qe7 26. Qf5 g6 27.
Qc2 Bg7 28. e4 Qh4 29. Qb3 Bxc3+ 30. Rxc3 Qxe4+ 31. Re3 Qd4 32. Qc2 c6 33. Qe2
Qd5 34. Re8+ Rxe8 35. Qxe8+ Kg7 36. f4 Qd4 37. Qe5+ Qxe5+ 38. fxe5 Kf8 39. Ke2
Ke7 40. Ke3 Ke6 41. Kd4 g5 42. g4 c5+ 43. Ke4 b5 44. b4 c4 45. Kd4 c3 46. Kxc3
Kxe5 47. Kb3 f5 48. gxf5 Kxf5 49. a4 g4 0-1

[Event "RA Fall op"]
[Site "Ottawa CAN"]
[Date "2021.09.24"]
[Round "1"]
[White "Dukic, Zachary"]
[Black "Petrovic, Milos"]
[Result "1-0"]
[WhiteElo "2365"]
[BlackElo "1917"]
[PlyCount "73"]
[EventDate "2021.09.24"]
[EventType "swiss"]
[EventRounds "5"]
[EventCountry "CAN"]

1. e4 c5 2. Nf3 d6 3. d4 cxd4 4. Nxd4 Nf6 5. Nc3 a6 6. Bg5 e6 7. f4 Be7 8. Qf3
Qc7 9. O-O-O Nbd7 10. g4 b5 11. Bxf6 Bxf6 12. Bxb5 Bxd4 13. Bxd7+ Bxd7 14. Rxd4
Rb8 15. Rhd1 Rb6 16. Qd3 Bb5 17. Nxb5 axb5 18. Rxd6 O-O 19. e5 Rbb8 20. f5 Qc5
21. Qd4 Qxd4 22. R1xd4 exf5 23. gxf5 Rfe8 24. R4d5 b4 25. b3 Kf8 26. Kb2 Rec8
27. f6 g6 28. a3 bxa3+ 29. Kxa3 Ke8 30. c4 Rc7 31. c5 Rcb7 32. b4 Rxb4 33. Rd8+
Rxd8 34. Rxd8+ Kxd8 35. Kxb4 Kd7 36. c6+ Kd8 37. e6 1-0

[Event "RA Fall op"]
[Site "Ottawa CAN"]
[Date "2021.09.24"]
[Round "1"]
[White "Khan, Riley"]
[Black "Jaferian, Koosha"]
[Result "0-1"]
[WhiteElo "1905"]
[BlackElo "2507"]
[PlyCount "56"]
[EventDate "2021.09.24"]
[EventType "swiss"]
[EventRounds "5"]
[EventCountry "CAN"]

1. c4 c5 2. g3 g6 3. Bg2 Bg7 4. Nc3 Nc6 5. e3 e5 6. Nge2 Nge7 7. O-O d6 8. d3
Be6 9. e4 O-O 10. f4 Qd7 11. Nd5 Bg4 12. Bf3 Bxf3 13. Rxf3 Nxd5 14. cxd5 Ne7
15. Nc3 f5 16. Qe2 Rae8 17. Bd2 fxe4 18. dxe4 exf4 19. Rxf4 Rxf4 20. Bxf4 Nf5
21. Qd3 Nd4 22. a4 Rf8 23. Rf1 h6 24. Kg2 Qe7 25. h3 g5 26. Be3 Rxf1 27. Qxf1
Nc2 28. Qd3 Ne1+ 0-1

[Event "RA Fall op"]
[Site "Ottawa CAN"]
[Date "2021.09.24"]
[Round "1"]
[White "Labib, Daniel"]
[Black "Rodrigue-Lemieux, Shawn"]
[Result "0-1"]
[WhiteElo "1968"]
[BlackElo "2378"]
[PlyCount "72"]
[EventDate "2021.09.24"]
[EventType "swiss"]
[EventRounds "5"]
[EventCountry "CAN"]

1. e4 c6 2. d4 d5 3. e5 Bf5 4. Nf3 e6 5. Be2 Ne7 6. c3 Nd7 7. Be3 c5 8. dxc5
Nc6 9. Nd4 Bxb1 10. Rxb1 Bxc5 11. Qa4 O-O 12. Nxc6 bxc6 13. Bxc5 Nxc5 14. Qd4
Nd7 15. O-O c5 16. Qe3 Qa5 17. f4 c4 18. b4 Qb6 19. Qxb6 axb6 20. Rb2 Ra3 21.
Rc2 Rfa8 22. Ra1 Nb8 23. Rd1 Nc6 24. Rdd2 Na7 25. f5 Nb5 26. Bg4 Re8 27. fxe6
fxe6 28. Rf2 Rxc3 29. a4 Rxc2 30. Rxc2 Nd4 31. Rd2 c3 32. Rxd4 c2 33. Rd1
cxd1=Q+ 34. Bxd1 Rc8 35. Be2 Rc1+ 36. Kf2 Ra1 0-1

[Event "RA Fall op"]
[Site "Ottawa CAN"]
[Date "2021.09.24"]
[Round "1"]
[White "Sambuev, Bator"]
[Black "Xu, Eddie"]
[Result "0-1"]
[WhiteElo "2589"]
[BlackElo "2209"]
[PlyCount "98"]
[EventDate "2021.09.24"]
[EventType "swiss"]
[EventRounds "5"]
[EventCountry "CAN"]

1. d4 d5 2. c4 e6 3. Nc3 Be7 4. Nf3 Nf6 5. Bg5 h6 6. Bh4 O-O 7. e3 b6 8. Bd3
dxc4 9. Bxc4 Ba6 10. Bxa6 Nxa6 11. Qa4 Nb4 12. Bxf6 gxf6 13. O-O Nd5 14. Rac1
Nxc3 15. Rxc3 Bd6 16. Rc6 f5 17. Qc2 Qf6 18. e4 fxe4 19. Qxe4 Qf4 20. Qe2 Kh8
21. g3 Rg8 22. Ne5 Rg7 23. Rd1 Rag8 24. Rc3 Rf8 25. Re3 c5 26. Re4 Qf5 27. Nc4
Be7 28. Re5 Qf6 29. d5 b5 30. Na3 Bd6 31. Rh5 a6 32. dxe6 Be7 33. exf7 Rgxf7
34. Rd2 Qg6 35. Qd1 Bg5 36. Rd6 Qg7 37. Rxg5 Qxg5 38. h4 Qg7 39. Rd2 Rf4 40.
Qh5 Rd4 41. Re2 Rd1+ 42. Kh2 Rf1 43. Qxc5 Rd8 44. Nc2 Qf6 45. Kg2 Rc1 46. Qc7
Rf8 47. Qb7 Rg8 48. Ne3 Qxh4 49. Qxa6 Qh1# 0-1

[Event "RA Fall op"]
[Site "Ottawa CAN"]
[Date "2021.09.24"]
[Round "1"]
[White "Tanaka, Tyler"]
[Black "Shi, Michael"]
[Result "1-0"]
[WhiteElo "2227"]
[BlackElo "1893"]
[PlyCount "141"]
[EventDate "2021.09.24"]
[EventType "swiss"]
[EventRounds "5"]
[EventCountry "CAN"]

1. Nf3 Nf6 2. c4 e6 3. g3 d5 4. Bg2 Bd6 5. O-O O-O 6. d4 c5 7. cxd5 exd5 8.
dxc5 Bxc5 9. a3 Be6 10. b4 Be7 11. Bb2 Nc6 12. Nc3 Rc8 13. Rc1 Ne4 14. Qd3 Nxc3
15. Bxc3 Bf6 16. Rfd1 Bxc3 17. Rxc3 Qf6 18. Rdc1 a6 19. Rc5 Rcd8 20. Qd2 h6 21.
a4 Ne7 22. Nd4 Rc8 23. e3 b6 24. Rc7 Rxc7 25. Rxc7 Nf5 26. Rc6 Nxd4 27. Qxd4
Qxd4 28. exd4 Rb8 29. Rd6 Kf8 30. Bf1 Ke7 31. Rc6 Bd7 32. Rc3 Bxa4 33. Bxa6 b5
34. Rc5 Kd6 35. Kg2 Rb6 36. Bc8 Bb3 37. Rc3 Rc6 38. Rxc6+ Kxc6 39. Kf3 Kd6 40.
Kf4 Bc2 41. h4 Bd3 42. Bf5 Bc4 43. Bc2 Ke6 44. g4 g6 45. g5 h5 46. Bd1 Kd6 47.
Bf3 Bf1 48. Bd1 Ke6 49. Bc2 Kd6 50. Ke3 Ke6 51. Bb1 Bc4 52. f3 Bf1 53. Kf2 Bc4
54. Bc2 Ba2 55. Kg3 Bc4 56. f4 Be2 57. f5+ gxf5 58. Kf4 Bc4 59. Bd1 Bd3 60.
Bxh5 Ke7 61. Ke5 f4 62. Kxf4 f6 63. Bf3 fxg5+ 64. Kxg5 Ke6 65. Bg4+ Kf7 66. Bf5
Bc4 67. h5 Kg7 68. h6+ Kf7 69. Be6+ Kf8 70. Kf6 Bd3 71. Bxd5 1-0

[Event "RA Fall op"]
[Site "Ottawa CAN"]
[Date "2021.09.25"]
[Round "2"]
[White "Han, Johnathan"]
[Black "Dukic, Zachary"]
[Result "1-0"]
[WhiteElo "2216"]
[BlackElo "2365"]
[PlyCount "65"]
[EventDate "2021.09.24"]
[EventType "swiss"]
[EventRounds "5"]
[EventCountry "CAN"]

1. e4 c6 2. d4 d5 3. Nd2 dxe4 4. Nxe4 Nf6 5. Nxf6+ exf6 6. c3 Bd6 7. Bd3 O-O 8.
Ne2 Re8 9. Qc2 h5 10. Be3 Nd7 11. Ng3 Nb6 12. O-O-O Nd5 13. Bd2 h4 14. Ne4 b5
15. Rde1 Be6 16. g3 h3 17. f4 Nb6 18. f5 Bd5 19. Re2 a5 20. Rhe1 Qd7 21. g4 a4
22. Kb1 Nc4 23. g5 a3 24. b3 Nb2 25. Rg1 Nxd3 26. Nxf6+ gxf6 27. gxf6+ Bg2 28.
Rexg2+ hxg2 29. Rxg2+ Kh8 30. Qxd3 Bg3 31. Rxg3 Qd6 32. Rh3+ Kg8 33. Rh8+ 1-0

[Event "RA Fall op"]
[Site "Ottawa CAN"]
[Date "2021.09.25"]
[Round "2"]
[White "Jaferian, Koosha"]
[Black "Xu, Eddie"]
[Result "1-0"]
[WhiteElo "2507"]
[BlackElo "2209"]
[PlyCount "41"]
[EventDate "2021.09.24"]
[EventType "swiss"]
[EventRounds "5"]
[EventCountry "CAN"]

1. b4 e5 2. Bb2 Bxb4 3. Bxe5 Nf6 4. c4 O-O 5. Nf3 Nc6 6. Bb2 Re8 7. e3 d5 8.
cxd5 Nxd5 9. Be2 Rxe3 10. fxe3 Nxe3 11. Qb3 Nxg2+ 12. Kd1 Be6 13. Qd3 Qe7 14.
Nd4 Rd8 15. Nxc6 bxc6 16. Qg3 g6 17. Qe5 f6 18. Qxf6 Rxd2+ 19. Nxd2 Ne3+ 20.
Kc1 Qc5+ 21. Nc4 1-0

[Event "RA Fall op"]
[Site "Ottawa CAN"]
[Date "2021.09.25"]
[Round "2"]
[White "Khan, Riley"]
[Black "Sambuev, Bator"]
[Result "0-1"]
[WhiteElo "1905"]
[BlackElo "2589"]
[PlyCount "138"]
[EventDate "2021.09.24"]
[EventType "swiss"]
[EventRounds "5"]
[EventCountry "CAN"]

1. c4 e5 2. g3 g6 3. Bg2 Bg7 4. Nc3 Ne7 5. Nf3 O-O 6. O-O Nbc6 7. d3 d6 8. Bg5
h6 9. Be3 f5 10. Qc1 g5 11. Nd5 f4 12. Bd2 Nf5 13. Bc3 g4 14. Nd2 Ncd4 15. Bxd4
Nxd4 16. Re1 c6 17. Nc3 h5 18. gxf4 exf4 19. Nb3 Qh4 20. Ne4 d5 21. cxd5 cxd5
22. Qc5 dxe4 23. Nxd4 g3 24. hxg3 fxg3 25. Qd5+ Rf7 26. fxg3 Qxg3 27. Rf1 Bxd4+
28. Qxd4 Bf5 29. Qd5 Qg6 30. dxe4 Be6 31. Qe5 Rg7 32. Rf2 Re8 33. Kh1 Bxa2 34.
Qf5 Bf7 35. Rxa7 Qb6 36. Ra3 Qxb2 37. Rg3 Re7 38. Qc8+ Kh7 39. Qf5+ Bg6 40. Qh3
Qe5 41. Qh4 Bxe4 42. Rxg7+ Kxg7 43. Bf3 Bg6 44. Bg2 b5 45. Bf3 Rd7 46. Rf1 Rd4
47. Qf2 Qf6 48. Rg1 Qh4+ 49. Qxh4 Rxh4+ 50. Kg2 Kf6 51. Kf2 Rd4 52. Ke3 Rd6 53.
Rh1 Kg5 54. Rg1+ Kh6 55. Kf4 b4 56. Ke5 Rb6 57. Kd4 b3 58. e4 Bf7 59. Rb1 Kg5
60. Rb2 Kf4 61. Bh1 Rd6+ 62. Kc3 Ke5 63. Rf2 Rf6 64. Rd2 h4 65. Rh2 Rf4 66. Rd2
h3 67. Rh2 Be6 68. Rd2 Rf1 69. Rh2 Kf4 0-1

[Event "RA Fall op"]
[Site "Ottawa CAN"]
[Date "2021.09.25"]
[Round "2"]
[White "Rodrigue-Lemieux, Shawn"]
[Black "Tanaka, Tyler"]
[Result "1-0"]
[WhiteElo "2378"]
[BlackElo "2227"]
[PlyCount "65"]
[EventDate "2021.09.24"]
[EventType "swiss"]
[EventRounds "5"]
[EventCountry "CAN"]

1. c4 e5 2. g3 Nf6 3. Bg2 c6 4. d4 e4 5. Nc3 d5 6. Bg5 Nbd7 7. cxd5 cxd5 8. Nh3
Bb4 9. Rc1 h6 10. Bf4 g5 11. Be5 Qe7 12. O-O O-O 13. Qb3 Bxc3 14. Bxf6 Nxf6 15.
Rxc3 Be6 16. f4 exf3 17. exf3 Qd7 18. Nf2 Bf5 19. Re3 Rfe8 20. Re5 Rac8 21.
Rfe1 Rc4 22. Bf1 Bc2 23. Qe3 Rec8 24. Bxc4 Rxc4 25. Re7 Qc6 26. Qe5 Qb6 27. Ng4
Nxg4 28. Re8+ Kh7 29. Rh8+ Kg6 30. Rg8+ Kh5 31. fxg4+ Kxg4 32. Qe2+ Kf5 33.
Rf1# 1-0

[Event "RA Fall op"]
[Site "Ottawa CAN"]
[Date "2021.09.25"]
[Round "2"]
[White "Song, Michael"]
[Black "Joseph Benher, Savio"]
[Result "1-0"]
[WhiteElo "2510"]
[BlackElo "2001"]
[PlyCount "93"]
[EventDate "2021.09.24"]
[EventType "swiss"]
[EventRounds "5"]
[EventCountry "CAN"]

1. d4 Nf6 2. Bg5 d5 3. Nd2 c5 4. Bxf6 gxf6 5. dxc5 Bf5 6. Nb3 e6 7. e3 Bxc5 8.
Bb5+ Nc6 9. Nf3 Qb6 10. Bd3 Bg4 11. h3 Bh5 12. g4 Bg6 13. Qe2 Bb4+ 14. c3 Be7
15. Rd1 O-O-O 16. Kf1 Bxd3 17. Qxd3 h5 18. Ke2 Ne5 19. Nxe5 fxe5 20. Kd2 Bh4
21. Qe2 f5 22. gxh5 f4 23. Kc2 f3 24. Qxf3 Rdf8 25. Qg4 Bxf2 26. Rxd5 Rf5 27.
Qc4+ Kb8 28. Rb5 Rc8 29. Rxb6 Rxc4 30. Rxb7+ Kc8 31. Rxa7 Bxe3 32. Ra8+ Kb7 33.
Na5+ Kxa8 34. Nxc4 Bf4 35. Nd6 Rxh5 36. Ne4 Rh6 37. h4 Rg6 38. h5 Rg4 39. Kd3
Bh6 40. b4 Rf4 41. Rh3 Rf1 42. a4 Rd1+ 43. Kc4 Re1 44. Rh4 Bf4 45. Nc5 Bg5 46.
Rh3 Bf4 47. h6 1-0

[Event "RA Fall op"]
[Site "Ottawa CAN"]
[Date "2021.09.25"]
[Round "3"]
[White "Dukic, Zachary"]
[Black "Shi, Michael"]
[Result "1-0"]
[WhiteElo "2365"]
[BlackElo "1893"]
[PlyCount "59"]
[EventDate "2021.09.24"]
[EventType "swiss"]
[EventRounds "5"]
[EventCountry "CAN"]

1. d4 Nf6 2. c4 e6 3. Nc3 Bb4 4. f3 Bxc3+ 5. bxc3 d5 6. cxd5 exd5 7. e3 O-O 8.
Bd3 Be6 9. Ne2 Re8 10. O-O c6 11. e4 Nfd7 12. e5 c5 13. f4 c4 14. Bc2 f5 15. g4
Rf8 16. Ba3 Rf7 17. gxf5 Bxf5 18. Bxf5 Rxf5 19. Ng3 Rf8 20. Bxf8 Qxf8 21. f5
Nc6 22. Qf3 Nb6 23. f6 Qf7 24. Nf5 Rf8 25. fxg7 Qg6+ 26. Kh1 Rxf5 27. Qxf5 Qxf5
28. Rxf5 Kxg7 29. Rg1+ Kh6 30. Rf3 1-0

[Event "RA Fall op"]
[Site "Ottawa CAN"]
[Date "2021.09.25"]
[Round "3"]
[White "Han, Johnathan"]
[Black "Song, Michael"]
[Result "1/2-1/2"]
[WhiteElo "2216"]
[BlackElo "2510"]
[PlyCount "74"]
[EventDate "2021.09.24"]
[EventType "swiss"]
[EventRounds "5"]
[EventCountry "CAN"]

1. e4 e5 2. Nf3 f5 3. exf5 e4 4. Nd4 Nf6 5. d3 c5 6. Nb3 exd3 7. Bxd3 d5 8. c4
dxc4 9. Qe2+ Qe7 10. Bxc4 Qxe2+ 11. Kxe2 Bxf5 12. Be3 Nbd7 13. f3 h5 14. Kf2
O-O-O 15. Rd1 Ne5 16. Rxd8+ Kxd8 17. Bf1 b6 18. Nc3 c4 19. Nd4 Bd3 20. Kg1 Kd7
21. Rd1 Bb4 22. Bf4 Bxf1 23. Nc2+ Nd3 24. Nxb4 Ke6 25. Kxf1 Nxb4 26. Rd4 Rc8
27. b3 Nxa2 28. Nxa2 cxb3 29. Nb4 a5 30. Nd3 Rc6 31. Ke1 b5 32. Bd2 b4 33. Rd8
Rc2 34. Kd1 Ra2 35. Kc1 Ke7 36. Rd4 Ra1+ 37. Kb2 Ra2+ 1/2-1/2

[Event "RA Fall op"]
[Site "Ottawa CAN"]
[Date "2021.09.25"]
[Round "3"]
[White "Jaferian, Koosha"]
[Black "Rodrigue-Lemieux, Shawn"]
[Result "1-0"]
[WhiteElo "2507"]
[BlackElo "2378"]
[PlyCount "87"]
[EventDate "2021.09.24"]
[EventType "swiss"]
[EventRounds "5"]
[EventCountry "CAN"]

1. d4 Nf6 2. c4 e6 3. g3 d5 4. Nf3 Be7 5. Bg2 O-O 6. O-O dxc4 7. Qc2 a6 8. Qxc4
b5 9. Qc2 Bb7 10. Bd2 Ra7 11. Rc1 Be4 12. Qb3 Nc6 13. e3 Qa8 14. Qd1 b4 15. Qf1
a5 16. Be1 Bd5 17. Nbd2 a4 18. Nc4 Na5 19. Nxa5 Rxa5 20. Ne5 Bd6 21. Nc4 Bxg2
22. Qxg2 Rb5 23. Qxa8 Rxa8 24. Nxd6 cxd6 25. Rc4 Rab8 26. Rac1 g5 27. Rc8+ Kg7
28. Rxb8 Rxb8 29. Rc4 a3 30. b3 d5 31. Rxb4 Rc8 32. Ra4 g4 33. Rxa3 Ne4 34. Kf1
Rc2 35. b4 Rb2 36. Ra7 Kf6 37. a4 Ng5 38. Rc7 Nf3 39. Rc1 Ke7 40. a5 Kd7 41.
Bc3 Rb3 42. Ke2 Kc6 43. Kd3 Kb5 44. Ra1 1-0

[Event "RA Fall op"]
[Site "Ottawa CAN"]
[Date "2021.09.25"]
[Round "3"]
[White "Joseph Benher, Savio"]
[Black "Labib, Daniel"]
[Result "1-0"]
[WhiteElo "2001"]
[BlackElo "1968"]
[PlyCount "67"]
[EventDate "2021.09.24"]
[EventType "swiss"]
[EventRounds "5"]
[EventCountry "CAN"]

1. e4 e5 2. Nf3 Nc6 3. Bb5 a6 4. Ba4 Nf6 5. d3 b5 6. Bb3 Bc5 7. a4 b4 8. a5 d6
9. Be3 Bxe3 10. fxe3 O-O 11. O-O Rb8 12. Nbd2 Be6 13. d4 Bxb3 14. cxb3 Rb5 15.
d5 Nxa5 16. Qe2 Nd7 17. Nc4 Nxc4 18. Rxa6 Nxe3 19. Rfa1 Qb8 20. Qxe3 Nc5 21.
Rc6 Re8 22. Nh4 Rb6 23. Nf5 g6 24. Nh6+ Kg7 25. Ng4 Qd8 26. Qh6+ Kh8 27. Rxb6
cxb6 28. Rf1 f5 29. exf5 Rg8 30. fxg6 Rg7 31. Rf7 Rxf7 32. gxf7 Nd7 33. Nf6 Nf8
34. Ne8 1-0

[Event "RA Fall op"]
[Site "Ottawa CAN"]
[Date "2021.09.25"]
[Round "3"]
[White "Sambuev, Bator"]
[Black "Petrovic, Milos"]
[Result "1-0"]
[WhiteElo "2589"]
[BlackElo "1917"]
[PlyCount "41"]
[EventDate "2021.09.24"]
[EventType "swiss"]
[EventRounds "5"]
[EventCountry "CAN"]

1. Nf3 d5 2. c4 Nf6 3. cxd5 Nxd5 4. e4 Nf6 5. Nc3 Nc6 6. d4 Bg4 7. d5 Ne5 8.
Nxe5 Bxd1 9. Bb5+ c6 10. dxc6 a6 11. c7+ axb5 12. cxd8=Q+ Rxd8 13. Nxd1 Nxe4
14. Nc3 Nxc3 15. bxc3 g6 16. Rb1 Rd5 17. Nf3 Bg7 18. Nd4 Rc5 19. Nxb5 Re5+ 20.
Be3 Bh6 21. Kd2 1-0

[Event "RA Fall op"]
[Site "Ottawa CAN"]
[Date "2021.09.25"]
[Round "3"]
[White "Xu, Eddie"]
[Black "Tanaka, Tyler"]
[Result "0-1"]
[WhiteElo "2209"]
[BlackElo "2227"]
[PlyCount "50"]
[EventDate "2021.09.24"]
[EventType "swiss"]
[EventRounds "5"]
[EventCountry "CAN"]

1. d4 d5 2. c4 dxc4 3. Nf3 Nf6 4. e3 Bg4 5. Bxc4 e6 6. Qb3 Bxf3 7. gxf3 Qc8 8.
Rg1 a6 9. a4 g6 10. e4 Nc6 11. Qd1 Qd7 12. Bg5 Be7 13. d5 exd5 14. Bxf6 Bxf6
15. Bxd5 Nb4 16. Nc3 O-O-O 17. Bc4 Qh3 18. Qe2 Qxh2 19. Kf1 Kb8 20. Nd5 Nxd5
21. Bxd5 c6 22. Bxf7 Rhf8 23. Bc4 Bd4 24. Ra3 Bc5 25. Rb3 Rd1+ 0-1